01206cam a22003494a 45000010005000000030006000050050017000110080041000280100017000690200030000860200018001160350013001340400023001470500021001700820016001911000021002072450041002282600033002693000047003023360026003493370028003753380027004034900025004305040051004555050007005065200144005135210019006575210017006766500043006936500041007366550079007778943FISKH20251211134513.0100323s2011 flua j b 001 0 eng  a 2010010107 a9781615902620qalk. paper a9781615905027 a16149477 aDLCcDLCdDLCbeng00aQL763b.M58 201100a591.3/92221 aMitten, Luana K.10aPeek-a-boo, baby /cLuana K. Mitten. aVero Beach :bRourke,c2011. a24 pages : bcolor illustrations ; c21 cm atextbtxt2rdacontent aunmediatedbn2rdamedia avolumebnc2rdacarrier0 aAnimal babies and me aIncludes bibliographical references and index. aC  aThis enchanting book will capture the imagination of the very young child and the emergent reader as they discover how young animals play. 8 a100 bLexile 8 aC bRaz-Plus 0aAnimalsxInfancyvJuvenile literature. 0aGuessing gamesvJuvenile literature. 7aLiterature.2lcgft0https://id.loc.gov/authorities/genreForms/gf2014026415